000 02226nam0a2200397 4500
001 RU\NLR\bibl\187270
005 20260408201231.0
010 _a5-88210-085-2
_bВ пер.
_9200
021 _aRU
_b2001-21987
_91047
035 _a(NLR Aleph) 000183827
090 _a1061761
_c1061761
100 _a20010731d2000 |||y0rusy50 ca
101 0 _arus
102 _aRU
105 _aa |||||||||
200 1 _aПроблемы и пути повышения эффективности воспитания студенческой и учащейся молодежи
_eМатериалы Всерос. науч.-практ. конф. "Теория и практика воспитат. работы в высш. шк.", 21-23 марта 2000 г.
_f[Редкол.: Растова Л. М. (отв. ред.) и др.]
210 _aБарнаул
_cИзд-во БГПУ
_d2000
215 _a311 с.
_cил.
_d21
300 _aВ надзаг.: М-во образования Рос. Федерации, Администрация Алт. края, Междунар. акад. наук пед. образования и др.
320 _aБиблиогр. в конце докл.
606 _aВысшая школа
_xВоспитательная работа
_jСъезды, совещания и т.п.
_3RU\NLR\auth\66237256
_91328426
606 _aВысшие учебные заведения
_xВоспитательная работа
_yРоссийская Федерация
_jТезисы докладов
_3RU\NLR\AUTH\661462310
_92460960
610 0 _aУчебно-воспитательная работа
675 _a37.01(082)
_v3
_zrus
686 _a14
_2rugasnti
686 _a74.00
_2rubbk
686 _aЧ481.3я431
702 1 _aРастова
_bЛ. М.
_4340
711 1 2 _a"Теория и практика воспитательной работы в высшей школе", всероссийская научно-практическая конференция
_f2000
_eБарнаул
_3RU\NLR\AUTH\8810032651
_9563857
801 0 _aRU
_bRKP
_c20010731
_gPSBO
801 1 _aRU
_bRKP
_c20010731
801 2 _aRU
_bNLR
_c20011024
_grcr
942 _cBOOK
980 _aNB